书目信息 |
| 题名: |
小城镇城市设计
|
|
| 作者: | 王士兰 , 游宏滔 编著 | |
| 分册: | ||
| 出版信息: | 北京 中国建筑工业出版社 2004 |
|
| 页数: | 19,428页 | |
| 开本: | 21cm | |
| 丛书名: | 中国当代小城镇规划建设管理丛书 | |
| 单 册: | ||
| 中图分类: | TU984.2 | |
| 科图分类: | ||
| 主题词: | 城镇--城市规划--设计--中国 | |
| 电子资源: | ||
| ISBN: | 7-112-06362-0 | |
| 000 | 00945oam2-2200253 450 | |
| 001 | 0100004278 | |
| 005 | 20191104144058.85 | |
| 010 | @a7-112-06362-0@dCNY35.00 | |
| 100 | @a20040908d2004 em y0chiy50 ea | |
| 101 | 0 | @achi |
| 102 | @aCN@b110000 | |
| 105 | @aa z 000yy | |
| 200 | 1 | @a小城镇城市设计@f王士兰,游宏滔编著@Axiao cheng zhen cheng shi she ji |
| 210 | @a北京@c中国建筑工业出版社@d2004 | |
| 215 | @a19,428页@c图@d21cm | |
| 225 | 2 | @a中国当代小城镇规划建设管理丛书 |
| 330 | @a本书追溯了国内外城市发展历程,论述了小城镇城市设计目标、对象、层次和类型,其设计的阶段与任务;设计成果的表达形式和评审、实施;并以设计实例形式介绍其具体做法等。 | |
| 410 | 0 | @12001 @a中国当代小城镇规划建设管理丛书 |
| 606 | 0 | @a城镇@x城市规划@x设计@y中国 |
| 690 | @aTU984.2@v4 | |
| 701 | 0 | @a王士兰@c(女,@f1945~)@4编著@Awang shi lan |
| 701 | 0 | @a游宏滔@4编著@Ayou hong tao |
| 801 | 0 | @aCN@c20160515 |
| 905 | @a河南城建学院图书馆@dTU984.2@eW3432 | |
| 小城镇城市设计/王士兰,游宏滔编著.-北京:中国建筑工业出版社,2004 |
| 19,428页:图;21cm.-(中国当代小城镇规划建设管理丛书) |
| ISBN 7-112-06362-0:CNY35.00 |
| 本书追溯了国内外城市发展历程,论述了小城镇城市设计目标、对象、层次和类型,其设计的阶段与任务;设计成果的表达形式和评审、实施;并以设计实例形式介绍其具体做法等。 |
| ● |
| 相关链接 |
|
|
|
正题名:小城镇城市设计
索取号:TU984.2/W3432
 
预约/预借
| 序号 | 登录号 | 条形码 | 馆藏地/架位号 | 状态 | 备注 |
| 1 | 1284768 | 212847687 | 建筑与城市规划学院资料室/201建筑库 66排6列2层/ [索取号:TU984.2/W343-2] | 在馆 | |
| 2 | 1284769 | 212847696 | 建筑库201/201建筑库 65排1列4层/ [索取号:TU984.2/W343-2] | 在馆 | |
| 3 | 1284770 | 212847703 | 建筑与城市规划学院资料室/201建筑库 66排6列2层/ [索取号:TU984.2/W343-2] | 在馆 | |
| 4 | 1448670 | 214486705 | 建筑库201/201建筑库 65排1列4层/ [索取号:TU984.2/W3432] | 在馆 | |
| 5 | 1448672 | 214486723 | 建筑库201/201建筑库 65排1列4层/ [索取号:TU984.2/W3432] | 在馆 | |
| 6 | 1448673 | 214486732 | 建筑库201/201建筑库 65排1列4层/ [索取号:TU984.2/W3432] | 在馆 |